The noble scholar, jurist, historian


 His Excellency Dr. Abdul Wahhab bin Ibrahim Abu Sulaiman, may Allah have mercy on him.


 He was born in Umm Al-Qura in the year 1356 AH.

الاحتفال بمعرفة الرواة الثقات الذين ليسوا في تهذيب الكمال / (Record no. 1312)

MARC details
000 -LEADER
fixed length control field 01891cam a22003491i 4500
003 - CONTROL NUMBER IDENTIFIER
control field SA-RiAUC
005 - DATE AND TIME OF LATEST TRANSACTION
control field 20241014143900.0
008 - FIXED-LENGTH DATA ELEMENTS--GENERAL INFORMATION
fixed length control field 241014s2003 ts g b f000 0 ara c
040 ## - CATALOGING SOURCE
Original cataloging agency JO-IrYU
Language of cataloging ara
Transcribing agency SA-RiAUC
Description conventions rda
050 #4 - LIBRARY OF CONGRESS CALL NUMBER
Item number .M36 2003
082 04 - DEWEY DECIMAL CLASSIFICATION NUMBER
Classification number 234.6
090 ## - LOCALLY ASSIGNED LC-TYPE CALL NUMBER (OCLC); LOCAL CALL NUMBER (RLIN)
Classification number (OCLC) (R) ; Classification number, CALL (RLIN) (NR) 234.6
Local cutter number (OCLC) ; Book number/undivided call number, CALL (RLIN) م م د
100 1# - MAIN ENTRY--PERSONAL NAME
Personal name ممدوح، محمود سعيد محمد
Relator term مؤلف.
245 12 - TITLE STATEMENT
Title الاحتفال بمعرفة الرواة الثقات الذين ليسوا في تهذيب الكمال /
Statement of responsibility, etc. محمود سعيد ممدوح ؛ استخرج نصوصه صفاء الدين عبد الرحمن، علي بن محمد العيدروس.
264 #1 - PRODUCTION, PUBLICATION, DISTRIBUTION, MANUFACTURE, AND COPYRIGHT NOTICE
Place of production, publication, distribution, manufacture دبي، الإمارات العربية المتحدة :
Name of producer, publisher, distributor, manufacturer دار البحوث للدراسات الإسلامية وإحياء التراث،
Date of production, publication, distribution, manufacture, or copyright notice 2003
300 ## - PHYSICAL DESCRIPTION
Extent 4 مجلد ؛
Dimensions 24 سم.
336 ## - CONTENT TYPE
Content type term نص
Content type code txt
Source rdacontent
Materials specified كتاب
337 ## - MEDIA TYPE
Media type term بدون وسيط
Media type code n
Source rdamedia
338 ## - CARRIER TYPE
Carrier type term مجلد
Carrier type code nc
Source rdacarrier
490 1# - SERIES STATEMENT
Series statement الدراسات الحديثية ؛
Volume/sequential designation 6
504 ## - BIBLIOGRAPHY, ETC. NOTE
Bibliography, etc. note يشتمل على إرجاعات ببليوجرافية.
650 #7 - SUBJECT ADDED ENTRY--TOPICAL TERM
Topical term or geographic name entry element الحديث
General subdivision تراجم الرواة
Source of heading or term aucsh
700 1# - ADDED ENTRY--PERSONAL NAME
Personal name توفيق، صفاء الدين عبد الرحمن
Relator term معد.
700 1# - ADDED ENTRY--PERSONAL NAME
Personal name العيدروس، علي محمد حسين
Relator term معد.
700 12 - ADDED ENTRY--PERSONAL NAME
Personal name الحافظ المزي، يوسف بن عبد الرحمن بن يوسف،
Dates associated with a name 654-742 هجري.
Title of a work تهذيب الكمال في أسماء الرجال
700 12 - ADDED ENTRY--PERSONAL NAME
Personal name الجماعيلي، عبد الغني بن عبد الواحد بن علي،
Dates associated with a name 541-600 هجري.
Title of a work الكمال في أسماء الرجال
740 22 - ADDED ENTRY--UNCONTROLLED RELATED/ANALYTICAL TITLE
Uncontrolled related/analytical title الكمال في أسماء الرجال.
740 02 - ADDED ENTRY--UNCONTROLLED RELATED/ANALYTICAL TITLE
Uncontrolled related/analytical title تهذيب الكمال في أسماء الرجال.
830 #2 - SERIES ADDED ENTRY--UNIFORM TITLE
Uniform title الدراسات الحديثية
Volume/sequential designation 6
942 ## - ADDED ENTRY ELEMENTS (KOHA)
Source of classification or shelving scheme Dewey Decimal Classification
Koha item type Books
Suppress in OPAC No
949 ## - LOCAL PROCESSING INFORMATION (OCLC)
a SA-JeALM
d 241014
u mohamedma123
n 1
Holdings
Withdrawn status Lost status Source of classification or shelving scheme Materials specified (bound volume or other part) Damaged status Not for loan Home library Current library Date acquired Total checkouts Full call number Barcode Date last seen Price effective from Koha item type
    Dewey Decimal Classification المجلد الاول     DR AbdElwahab Library DR AbdElwahab Library 10/14/2024   234.6 م م د 000001847 10/14/2024 10/14/2024 Books
    Dewey Decimal Classification المجلد الثاني     DR AbdElwahab Library DR AbdElwahab Library 10/14/2024   234.6 م م د 000001848 10/14/2024 10/14/2024 Books
    Dewey Decimal Classification المجلد الثالث     DR AbdElwahab Library DR AbdElwahab Library 10/14/2024   234.6 م م د 000001849 10/14/2024 10/14/2024 Books
    Dewey Decimal Classification المجلد الرابع     DR AbdElwahab Library DR AbdElwahab Library 10/14/2024   234.6 م م د 000001850 10/14/2024 10/14/2024 Books